| 000 | 00361nam a22001337a 4500 | ||
|---|---|---|---|
| 003 | NUST | ||
| 005 | 20251008153332.0 | ||
| 082 | _a030,HAM | ||
| 245 |
_aThe New Universal Encyclopedia (Vol.1 to Vol.15) / _cSir John Hammerton |
||
| 260 |
_aThe Educational Book Co Ltd _bLondon |
||
| 300 | _a8703 p | ||
| 650 |
_aUniversal Encyclopedia _9131006 |
||
| 942 |
_2ddc _cENC |
||
| 999 |
_c615121 _d615121 |
||